000 00597nas a2200217 4500
001 BR8502843
003 BR-BrBNA
005 20231205090215.0
007 ta
008 230509b bl.|||p| |||| 00| 00por d
040 _aBR-BrBNA
_bpor
_cBiblioteca Nacional de Agricultura
041 _a(Pt)
072 _aL51
100 1 _aPupo, N.I.H.
245 1 _aA digestao no cavalo
650 _aCAVALO
650 _aDIGESTAO
773 0 _tCasa da Agricultura (Brazil)
_xISSN 0100-6541
_g(Mar-Apr 1985), v. 7(2) p. 18-23
_wBR8502843
909 _a202311
_bLúcia
_c55
_dLúcia Elande
942 _2AGRIS
_n0
_cANA
999 _c116809
_d116809